00956nam a2200241 a 4500001001000000005001700010008004100027041000800068044000600076050002100082100003600103245011300139260004400252300006900296500008100365500004300446504003100489651003500520700003100555942001100586999001500597952010200612BRCA_726720190320205756.0270112s1972----u--a######---#000-0#eng-# aeng au 4aF1234b.O27 19721 aO´Crouley, Pedro Alonso91799910aA Description of the Kingdom of New SpaincPedro Alonso O´Crouley ; translated and edited by Seán Galvin. aEstados UnidosbJohn Howell-Booksc1972 a148 p.bil. (algunas a color)c31 cm.e1 mapa (facsímil, 1768) aIncluye glosario, árbol genealógico de O´Crouley e índice analítico aDonación de Santa Fe, Nuevo México aBibliografía: p. 143-144 4aNueva EspañaxHistoria936391 aGalvin, Seánetr.918000 2lcccB c6947d6947 00104070aBRCAbBRCAd2012-01-27l0oF1234 .O27 1972p02677r2019-03-22 00:00:00w2019-03-22yB